| 000 | 00520nam a2200181Ia 4500 | ||
|---|---|---|---|
| 005 | 20260514122847.0 | ||
| 008 | 260514s9999 xx 000 0 und d | ||
| 020 | _a9780062946454 | ||
| 041 | _aeng | ||
| 082 | _a646.72 CAM B2268 | ||
| 100 |
_aCampo Riku _9217687 |
||
| 245 | _aI Am Beauty:Timeless Skincare And Beauty For Women 40 And Over | ||
| 260 |
_bHarper One _aSanfranscisco |
||
| 300 | _a226 | ||
| 500 | _aBeauty | ||
| 650 |
_acosmetology and beauty therapy _9217682 |
||
| 650 | _aPersonal care and grooming | ||
| 999 |
_c370908 _d370908 |
||